| 000 -LEADER |
| fixed length control field |
00653nam a2200229Ia 4500 |
| 001 - CONTROL NUMBER |
| control field |
13228 |
| 003 - CONTROL NUMBER IDENTIFIER |
| control field |
GE_BSU |
| 008 - FIXED-LENGTH DATA ELEMENTS--GENERAL INFORMATION |
| fixed length control field |
181216s||||||||xx |||||||||||||| ||und|| |
| 040 ## - CATALOGING SOURCE |
| Transcribing agency |
GE_BSU |
| 080 ## - UNIVERSAL DECIMAL CLASSIFICATION NUMBER |
| Universal Decimal Classification number |
632 |
| 100 ## - MAIN ENTRY--PERSONAL NAME |
| Personal name |
Планк,Я.Е. |
| 245 ## - TITLE STATEMENT |
| Title |
Болезни растении(Эпифитотии и борьба с ними) |
| 245 ## - TITLE STATEMENT |
| Statement of responsibility, etc. |
Ред.Е.Н.Фолькман |
| 260 ## - PUBLICATION, DISTRIBUTION, ETC. |
| Place of publication, distribution, etc. |
Москва |
| 260 ## - PUBLICATION, DISTRIBUTION, ETC. |
| Name of publisher, distributor, etc. |
Колос |
| 260 ## - PUBLICATION, DISTRIBUTION, ETC. |
| Date of publication, distribution, etc. |
1966 |
| 300 ## - PHYSICAL DESCRIPTION |
| Extent |
360стр.20см. |
| 300 ## - PHYSICAL DESCRIPTION |
| Dimensions |
Библиогр.с.344-353 |
| 653 ## - INDEX TERM--UNCONTROLLED |
| Uncontrolled term |
Болезни растении |
| 653 ## - INDEX TERM--UNCONTROLLED |
| Uncontrolled term |
Эпифитотии и борьба с ними |
| 942 ## - ADDED ENTRY ELEMENTS (KOHA) |
| Koha item type |
წიგნი |